00659 2200217 4500001002100000005001700021008004100038035002600079245002700105100002700132250000600159260006700165300005100232020002200283082000800305084001100313520002800324650005300352990001800405990001800423INLIS00000000000388920191230030836.0191230| ||| | ind  a 0010-12190000000388900cDaniel Mohammad Rosyid0 aDaniel Mohammad Rosyid a1 aIntrans Publishing : MalangbIntrans Publishing : Malangc2017 a210 hlm.;15,5 x 23 cm ;c210 hlm.;15,5 x 23 cm a978-979-3580-98-20 a500 a551,46 aHIBAH PERPUSNAS RI 2018 0aParadigma Pengembangan Maritim dan Energi 551.46 aB201901089461 aB201901089411